Every NBA General Manager - Statistics

General Stats
  • This quiz has been taken 5 times
  • The average score is 4 of 30
Answer Stats
Team General Manager % Correct
Boston Celtics Brad Stevens
100%
Oklahoma City Thunder Sam Presti
80%
Los Angeles Lakers Rob Pelinka
60%
Golden State Warriors Mike Dunleavy
40%
New Orleans Pelicans Bryson Graham
20%
Philadelphia 76ers Elton Brand
20%
New York Knicks Leon Rose
20%
Cleveland Cavaliers Mike Gansey
20%
Brooklyn Nets Sean Marks
20%
Miami Heat Andy Elisburg
0%
Orlando Magic Anthony Parker
0%
Denver Nuggets Ben Tenzer
0%
Toronto Raptors Bobby Webster
0%
Phoenix Suns Brian Gregory
0%
San Antonio Spurs Brian Wright
0%
Indiana Pacers Chad Buchanan
0%
Detroit Pistons Dennis Lindsey
0%
Charlotte Hornets Jeff Peterson
0%
Portland Trail Blazers Joe Cronin
0%
Milwaukee Bucks Jon Horst
0%
Utah Jazz Justin Zanik
0%
Chicago Bulls Marc Eversley
0%
Minnesota Timberwolves Matt Lloyd
0%
Dallas Mavericks Michael Finley
0%
Atlanta Hawks Onsi Saleh
0%
Houston Rockets Rafael Stone
0%
Sacramento Kings Scott Perry
0%
Los Angeles Clippers Trent Redden
0%
Washington Wizards Will Dawkins
0%
Memphis Grizzlies Zachary Kleiman
0%
No matching quizzes found
Score Distribution
Percent of People with Each Score
Percentile by Number Answered
Your Score History
You have not taken this quiz